000 00495nam a2200169Ia 4500
003 GCL
008 140319s9999 xx 000 0 ara d
040 _aGCL /
_cGCL
082 0 4 _a415.1
_bو ا
100 1 _aوسمية عبدالمحسن المنصور
245 1 0 _aابنية المصدر فى الشعر الجاهلى /
_cوسمية عبدالمحسن المنصور
300 _a615 ص
490 _a
650 0 4 _aالنحو
650 0 4 _aاللغة العربية
942 _2ddc
_cBK
999 _c44086
_d44086